| 000 | 00543nam a2200133Ia 4500 | ||
|---|---|---|---|
| 008 | 160809s9999 xx 000 0 und d | ||
| 100 | _aEnache, Florin-Catalin. | ||
| 245 | _aApplications of the Erlang B and C Formulas to Model a Network of Banking Computer Systems -Moving Towards Green IT and Performant Banking | ||
| 245 | _cFlorin-Catalin ENACHE and Adriana-Nicoleta TALPEANU. | ||
| 260 | _bComputer Science and Information Technology | ||
| 260 | _cMayo-16 | ||
| 650 | _xINFORMATION TECHNOLOGY | ||
| 856 | _uhttp://airccse.org/V6N53.html | ||
| 999 |
_c300100 _d300100 |
||